000 00336cam a2200145ua 4500
041 _aeng
_h
082 _a920
_bLOO/LI
100 _aLoon, Van .
245 _aLives /
_cVan Loon.
_hTextual Documents
260 _aLondon :
_bGeorge G Harrap & Co Ltd ,
_c1960.
300 _a646 ; .
504 _a
942 _cBK
999 _c6265
_d6265